| 000 | 00992cam a2200289 i 4500 | ||
|---|---|---|---|
| 001 | 41760 | ||
| 003 | Mx-PuUPA | ||
| 005 | 20250715155048.0 | ||
| 008 | 140415s2010 miu fr 001 0 eng d | ||
| 020 |
_a9780802865083 _qrústica _qpapel alcalino |
||
| 040 |
_cMx-PuUPA _aMx-PuUPA _bspa _dMx-PuUPA _erda |
||
| 041 | 0 | _aeng | |
| 100 | 1 |
_aMathewes, Charles T., _d1969- _917314 _eautor |
|
| 245 | 1 | 0 |
_aThe republic of Grace : _baugustinian thoughts for dark times / _cCharles Mathewes |
| 260 |
_a _b _c |
||
| 264 | 1 |
_aGrand Rapids, Michigan : _bWm. B. Eerdmans Publising Co., _c©2010 |
|
| 300 |
_a271 páginas ; _c23 cm |
||
| 336 |
_2rdacontent _atexto _btxt |
||
| 337 |
_2rdamedia _asin medio _bn |
||
| 338 |
_2rdacarrier _avolumen _bnc |
||
| 600 | 0 | 4 |
_aAgustín de Hipona, _cSanto, _d354-430 |
| 650 | 7 |
_2armarc _aCristianismo y política |
|
| 942 |
_2ddc _cLI _h261.7 _iM42 |
||
| 999 |
_c41760 _d41760 |
||